000 00540nam a22001937a 4500
003 koha_MIRAKIL
005 20231213095812.0
008 231213b |||||||| |||| 00| 0 ||| d
020 _b978-9-75501040-3
040 _aTR-IsEVY
_btur
_cTR-IsEVY
082 _a398.5 DED
245 0 _aBoğaç han
_bDede korkut hikayeleri 1
260 _bErdem Yayınları,
_c2011
300 _a80 s.
500 _aGelenekler, Görgü, Halkbilim.
650 _aChildren's literature -- Tales.
650 _aÇocuk edebiyatı -- Masal.
942 _2ddc
_cBK
999 _c9666
_d9666